| 000 | 00572nam a22001217a 4500 | ||
|---|---|---|---|
| 008 | 110623t xxu||||| |||| 00| 0 eng d | ||
| 010 | _aCACA F-48 | ||
| 245 | _aCourt of Appeal Civil Appeal No.10 of 1981. Uganda Commercial Bank vs Mukoome Agencies | ||
| 260 | _c1981 | ||
| 500 | _aCoram: Musoke, P. , Lubogo, V-P. ; Nyamuchoncho J.A. | ||
| 500 | _aAppeal from ruling and order of High Court of Uganda, at Kampala Kantinti, J. dated 28th December 1980 H.C.C.S. 75 of 1981 | ||
| 999 |
_c3704 _d3704 |
||